| 000 | 00435nam a2200181Ia 4500 | ||
|---|---|---|---|
| 008 | 180207s9999 xx 000 0 und d | ||
| 020 | _a9780786836505 | ||
| 050 | _bW699 2005 | ||
| 100 | _aWillems, Mo. | ||
| 245 | 4 | _aThe pigeon has feelings, too! / | |
| 245 | _cby Mo Willems. | ||
| 260 | _aNew York : | ||
| 260 | _bScholastic, | ||
| 260 | _c2005 | ||
| 300 | _aunpaged : | ||
| 300 | _bcolor illustration ; | ||
| 300 | _c15cm. | ||
| 999 |
_c355764 _d355764 |
||